Tout les Jeux Professeur Layton - Statistiques

Statistiques générales
  • Ce quiz a été pris 212 fois
  • Le résultat moyen est 6 sur 8
Statistiques - réponses
Hint Réponse % Correct
2009 en Europe sur DS Professeur Layton et la Boîte de Pandore
99%
2008 en Europe sur DS Professeur Layton et l'Étrange Village
97%
2012 en Europe sur 3DS Professeur Layton et le Masque des miracles
91%
2010 en Europe sur DS Professeur Layton et le Destin perdu
83%
2013 en Europe sur 3DS Professeur Layton et l'Héritage des Aslantes
81%
2011 en Europe sur DS Professeur Layton et l'Appel du Spectre
77%
2017 en Europe sur 3DS et Téléphone 2019 sur Switch L'aventure Layton : Katrielle et la conspiration des millionnaires
72%
2014 en Europe sur 3DS Professeur Layton vs. Phoenix Wright: Ace Attorney
38%
Aucun quiz correspondant
Distribution des résultats
% des personnes avec chaque résultat
Percentile par nombre de réponses
Votre historique - résultats
Vous n’avez pas pris ce quiz